00657 2200217 4500001002100000005001700021008004100038035002400079082001100103090001800114100003200132245010500164260003000269300002500299500004700324650001900371850001500390980001300405985000600418999001500424YOGYA-0209000003308720090227024737.0 ind  0010-020900000033087 a616.98 a616.98bBer S aBERG, A.A. Hijanans van den aSebab-sebab dan gejala umum penyakitcA.A. Hijanans van den Berg; diterjemahkan oleh Thomas Sumampon a[s.l.]bProperousc[s.a.] a334 hlmbilusc21 cm aJudul asli : A Manual of tropical medicine aPenyakit dalam aYOPDYOG(B) a11-05-07 a1 aP000015529